[Event "Oslo CC-chA"]
[Site "Oslo"]
[Date "2018.10.04"]
[Round "3"]
[White "Tunsjo, Axel"]
[Black "Melaa, Sondre Lillestol"]
[Result "1-0"]
[WhiteElo "1927"]
[BlackElo "2077"]
[PlyCount "147"]
[EventDate "2018.09.06"]
[EventType "tourn"]
[EventRounds "7"]
[EventCountry "NOR"]
[SourceTitle "EXT 2024"]
[Source "ChessBase"]
[SourceDate "2023.10.10"]
[SourceVersion "1"]
[SourceVersionDate "2023.10.10"]
[SourceQuality "1"]

1. e4 e5 2. Nf3 Nc6 3. Bc4 Bc5 4. 0-0 Nf6 5. d3 d6 6. a4 0-0 7. c3 a6 8. Nbd2 Be6 9. Re1 Ng4 10. Re2 Bxc4 11. dxc4 a5 12. h3 Nf6 13. Nf1 Qd7 14. Ng3 Qe6 15. Qd3 Ne8 16. Nh4 g6 17. Bh6 Ng7 18. Rf1 Qe7 19. Bxg7 Qxh4 20. Bxf8 Rxf8 21. Kh2 Ne7 22. Qd2 f5 23. f4 fxe4 24. fxe5 e3 25. Rxf8+ Kxf8 26. Qd3 Qf4 27. exd6 Bxd6 28. Rxe3 Nf5 29. c5 Be5 30. Qd8+ Kg7 31. Rf3 Qe4 32. Qg5 h6 33. Qg4 Qxg4 34. hxg4 Nxg3 35. Rxg3 Kf6 36. g5+ hxg5 37. Kh3 Bxg3 38. Kxg3 Kf5 39. b4 c6 40. Kf3 g4+ 41. Ke3 Ke5 42. g3 Kd5 43. Kd3 Ke5 44. bxa5 Kd5 45. c4+ Kxc5 46. Kc3 g5 47. Kb3 Kd4 48. Kb4 Ke3 49. Kc5 Kf3 50. Kb6 Kxg3 51. Kxb7 Kf3 52. a6 g3 53. a7 g2 54. a8Q g1Q 55. Qf8+ Ke2 56. Qe8+ Kd3 57. Qxc6 g4 58. c5 g3 59. Qb5+ Kd2 60. c6 Qh1 61. Qg5+ Kc2 62. Qxg3 Qb1+ 63. Ka7 Qb4 64. Qf2+ Kd3 65. Qf5+ Ke3 66. Qe5+ Kf3 67. a5 Qc4 68. c7 Qf7 69. Qc3+ Kg4 70. Kb8 Qf4 71. a6 Qd6 72. Qc4+ Kf5 73. Qb5+ Ke6 74. a7 1-0

[Event "Oslo op"]
[Site "Oslo"]
[Date "2018.10.02"]
[Round "3"]
[White "Jorgensen, Asle"]
[Black "Tunsjo, Axel"]
[Result "0-1"]
[WhiteElo "1611"]
[BlackElo "1927"]
[PlyCount "56"]
[EventDate "2018.09.30"]
[EventType "swiss"]
[EventRounds "10"]
[EventCountry "NOR"]
[SourceTitle "EXT 2020"]
[Source "ChessBase"]
[SourceDate "2019.10.17"]
[SourceVersion "1"]
[SourceVersionDate "2019.10.17"]
[SourceQuality "1"]

1. d4 Nf6 2. Nf3 g6 3. c4 Bg7 4. Nc3 0-0 5. e4 d6 6. Be2 e5 7. dxe5 dxe5 8. 0-0 Nbd7 9. Qc2 c6 10. b4 Nh5 11. Rd1 Nf4 12. Bf1 Qc7 13. g3 Ne6 14. Be3 Nf6 15. h3 Nh5 16. Rab1 f5 17. exf5 gxf5 18. Bc1 e4 19. Ng5 Nxg3 20. Nxe6 Bxe6 21. fxg3 Qxg3+ 22. Qg2 Qxg2+ 23. Kxg2 Bxc3 24. Rb3 Be5 25. b5 Rad8 26. Rxd8 Rxd8 27. bxc6 bxc6 28. Rb7 Rd7 0-1

[Event "NOR-ch U14"]
[Site "Sarpsborg"]
[Date "2018.07.12"]
[Round "7"]
[White "Kvaloy, Aksel Bu"]
[Black "Tunsjo, Axel"]
[Result "1-0"]
[WhiteElo "1990"]
[BlackElo "1997"]
[PlyCount "45"]
[EventDate "2018.07.07"]
[EventType "swiss"]
[EventRounds "9"]
[EventCountry "NOR"]
[SourceTitle "EXT 2024"]
[Source "ChessBase"]
[SourceDate "2023.10.10"]
[SourceVersion "1"]
[SourceVersionDate "2023.10.10"]
[SourceQuality "1"]

1. e4 c5 2. Nf3 e6 3. d4 cxd4 4. Nxd4 a6 5. c4 Qc7 6. Nc3 Nf6 7. Be2 Be7 8. 0-0 0-0 9. f4 d6 10. Qd3 Rd8 11. a3 Nc6 12. Nxc6 bxc6 13. Be3 Bb7 14. Rac1 e5 15. Na4 Nd7 16. f5 a5 17. g4 Ba6 18. Qd2 h6 19. Nc3 Nf8 20. Bxh6 gxh6 21. f6 Kh7 22. Rf5 Ng6 23. Qxh6+ 1-0

[Event "Oslo Sveins op 11th"]
[Site "Oslo"]
[Date "2018.06.25"]
[Round "7"]
[White "Tunsjo, Axel"]
[Black "Greibrokk, Ingrid Andrea"]
[Result "1/2-1/2"]
[WhiteElo "2001"]
[BlackElo "1821"]
[PlyCount "92"]
[EventDate "2018.06.22"]
[EventType "swiss"]
[EventRounds "9"]
[EventCountry "NOR"]
[SourceTitle "CBM 185 Extra"]
[Source "ChessBase"]
[SourceDate "2018.07.29"]
[SourceVersion "1"]
[SourceVersionDate "2018.07.29"]
[SourceQuality "1"]

1. e4 c5 2. Nc3 d6 3. g3 g6 4. Bg2 Bg7 5. f4 Nc6 6. Nf3 e6 7. 0-0 Nge7 8. d3 0-0 9. Be3 Nd4 10. Bf2 Nec6 11. Qd2 Nxf3+ 12. Bxf3 Nd4 13. Bg2 Rb8 14. Nd1 b5 15. c3 Nc6 16. d4 cxd4 17. cxd4 d5 18. e5 Qa5 19. Qxa5 Nxa5 20. b3 b4 21. Nb2 Ba6 22. Rfc1 Rfc8 23. Bf1 Bxf1 24. Kxf1 Bf8 25. Na4 Nc6 26. Rc2 a5 27. Rac1 Na7 28. Nc5 Rc6 29. Be1 Rbc8 30. a4 bxa3 31. Ke2 Bxc5 32. dxc5 Rb8 33. Rb1 a4 34. b4 Nb5 35. Kd3 h5 36. Bd2 Kg7 37. Ra1 Kf8 38. Rb1 Nc7 39. Bc1 Nb5 40. Ra2 Ke8 41. h3 Rcc8 42. h4 Rc7 43. Bxa3 Nxa3 44. Rxa3 Rxc5 45. Rxa4 Rc4 46. Rb3 Kf8 1/2-1/2

[Event "NOR-chT Club"]
[Site "Bergen"]
[Date "2018.05.12"]
[Round "4.4"]
[White "Berstad, Joerund"]
[Black "Tunsjo, Axel"]
[Result "1/2-1/2"]
[WhiteElo "1802"]
[BlackElo "1901"]
[PlyCount "121"]
[EventDate "2018.05.10"]
[EventType "team-swiss"]
[EventRounds "6"]
[EventCountry "NOR"]
[SourceTitle "EXT 2019"]
[Source "ChessBase"]
[SourceDate "2018.10.10"]
[SourceVersion "1"]
[SourceVersionDate "2018.10.10"]
[SourceQuality "1"]
[WhiteTeam "Haukas"]
[BlackTeam "OSS II"]
[WhiteTeamCountry "NOR"]
[BlackTeamCountry "NOR"]

1. e4 c5 2. Nf3 e6 3. d4 cxd4 4. Nxd4 a6 5. g3 Nf6 6. Bg2 Be7 7. Nc3 Qc7 8. 0-0 0-0 9. Be3 Nc6 10. Qe2 Nxd4 11. Bxd4 e5 12. Be3 d6 13. h3 Be6 14. Nd5 Nxd5 15. exd5 Bd7 16. Qd2 f5 17. Rfc1 f4 18. gxf4 exf4 19. Bxf4 Qc4 20. Be3 Bf6 21. c3 Qh4 22. Bf4 Bxc3 23. Rxc3 Rxf4 24. Rg3 Raf8 25. Qc3 Qf6 26. Qxf6 R8xf6 27. Rc1 Rf7 28. Rc7 Bb5 29. Rc8+ Rf8 30. Rc7 R4f7 31. Rxf7 Rxf7 32. Re3 Rc7 33. Re6 Rc1+ 34. Kh2 Rc2 35. Kg3 Rxb2 36. Rxd6 Rxa2 37. Rb6 Ra3+ 38. Kf4 Ra2 39. Kg3 Rd2 40. d6 Bc6 41. Bxc6 Rxd6 42. Rxb7 Rxc6 43. Ra7 Rc3+ 44. Kg4 Ra3 45. h4 Ra4+ 46. Kg3 h5 47. f3 Kh7 48. Rd7 a5 49. Rd5 Kg6 50. Rd6+ Kf7 51. Rd7+ Kf6 52. Ra7 Ra1 53. Kf4 Ra4+ 54. Kg3 g6 55. Ra8 Kg7 56. Ra7+ Kh6 57. Ra8 Ra1 58. Ra7 a4 59. Kf4 a3 60. Kg3 a2 61. Kg2 1/2-1/2